000
00379nam a2200133Ia 4500
008
100328s9999 xx 000 0 und d
082
_b
24158
100
_a
रामपुरे बा. ाों.
245
_a
फिरकी
260
_b
मेहता पब्लिशिंग हाऊस
630
_a
फिरकी
730
_a
फिरकी
942
_c
BOOK
999
_c
517626
_d
517623